| 000 | 00469nam a22001337a 4500 | ||
|---|---|---|---|
| 082 |
_a340 _bKHA |
||
| 100 | _aKhan, Daud Ali & Zafar, Aahaz | ||
| 245 |
_aLegal Scope of Innovation through Mergers in the Light of Competition Laws of Pakistan / _cDaud Ali Khan & Aahaz Zafar |
||
| 260 |
_aIslamabad : _bNUST Law School, _c2025. |
||
| 300 |
_a57 p. ; _c30 CM. |
||
| 563 | _aHBK. | ||
| 856 | _uhttp://10.250.8.41:8080/xmlui/handle/123456789/56166 | ||
| 942 |
_2ddc _cPR |
||
| 999 |
_c615621 _d615621 |
||